000 01055cam a2200289 a 4500
999 _c721
_d721
001 198921
003 GZU
005 20200911101405.0
008 981210s1998 rh ab b 000 0 eng
010 _a 98982408
020 _a1779011350
040 _aDLC
_cDLC
_dDLC
042 _alcode
043 _af-rh---
050 0 0 _aDT 765 SHI 1987
082 0 0 _a968.91
_221
100 1 _aMatenga, Edward,
_d1963-
245 1 4 _aThe soapstone birds of Great Zimbabwe :
_bsymbols of a nation /
_cEdward Matenga.
260 _aHarare, Zimbabwe :
_bAfrican Pub. Group,
_cc1998.
300 _axvi, 88 p. :
_bill., col. maps ;
_c26 cm.
504 _aIncludes bibliographical references (p. 87-88).
650 0 _aSoapstone carving
_zZimbabwe
_zGreat Zimbabwe (Extinct city)
651 0 _aGreat Zimbabwe (Extinct city)
906 _a7
_bcbc
_corigode
_d3
_encip
_f19
_gy-gencatlg
942 _2lcc
_cBK
_h765
_iSHI
_kDT